| 000 | 01670nam a2200505 i 4500 | ||
|---|---|---|---|
| 001 | 28365 | ||
| 003 | KOSZ 005 | ||
| 005 | 20210524143752.0 | ||
| 008 | 981118s1985 pl a |000 0 pol | ||
| 015 | _aUWD 1985/9830 | ||
| 020 | _a8301061286 | ||
| 035 | _a991008391589705066 | ||
| 035 | _a(PL-WaBN)b12166364-48omnis_nlop | ||
| 035 | _ab12166364 | ||
| 035 | _a(OCoLC)69642544 | ||
| 035 | _a(PL)b0000001216636 | ||
| 035 | _a(EXLNZ-48OMNIS_NETWORK)9910205066505606 | ||
| 040 |
_aWA N _cWA N _dKR U _dKOSZ 005/HR |
||
| 041 | 0 | _apol | |
| 046 | _k1985 | ||
| 080 | _a55 | ||
| 080 | _a629.05 | ||
| 100 | 1 |
_aStachlewski, Wiesław _eAutor |
|
| 245 | 1 | 0 |
_aSatelitarne badania Ziemi / _cWiesław Stachlewski, Adam Zubek. |
| 260 |
_aWarszawa : _bPaństwowe Wydawnictwo Naukowe, _c1985. |
||
| 300 |
_a226, [2] s., 19 s. fot. : _bfot., mapy, rys., wykr. ; _c20 cm. |
||
| 336 |
_aTekst _btxt _2rdacontent |
||
| 337 |
_aBez urządzenia pośredniczącego _bn _2rdamedia |
||
| 338 |
_aWolumin _bnc _2rdacarrier |
||
| 380 | _aKsiążki | ||
| 388 | _a1901-2000 | ||
| 388 | _a1945-1985 | ||
| 490 | 1 |
_aBiblioteka Problemów _x0137-5032 _vt. 283 |
|
| 504 | _aBibliogr. s. 225-[227]. | ||
| 650 | 7 |
_aGeologia _2DBN |
|
| 650 | 7 |
_aSztuczny satelita _2DBN |
|
| 650 | 7 | _aGeoinformacja | |
| 658 | _aGeografia i nauki o Ziemi | ||
| 700 | 1 |
_aZubek, Adam _eAutor |
|
| 710 |
_aPaństwowe Wydawnictwo Naukowe _4pbl |
||
| 830 | 0 |
_aBiblioteka Problemów _vt. 283 |
|
| 856 |
_uhttp://koha.tu.koszalin.pl/cgi-bin/koha/opac-detail.pl?biblionumber=28365 _yKatalog online BPK |
||
| 942 |
_2UKD _cKS |
||
| 999 |
_c28365 _d28365 |
||